| 000 | 00965cam a22003017a 4500 | ||
|---|---|---|---|
| 003 | CHAP | ||
| 005 | 20220329133701.0 | ||
| 008 | 971013s1993 r 00010 d | ||
| 010 | _a9457 | ||
| 011 | _a10429 | ||
| 035 | _a9666 | ||
| 040 | _cCHAP | ||
| 082 |
_a636.4 _bW45 |
||
| 100 | 0 | 0 |
_aWhittemore, Colin T. _9121779 |
| 245 | 1 | 4 | _aThe science and practice of pig production |
| 260 |
_aEssex, England : _bLongman Scientific & Technical, _c1993 |
||
| 300 |
_a661 p. _b: ilus. |
||
| 590 |
_aBATCH-UPD _b10 _c20130110 _lUCH01 _h0112 |
||
| 590 |
_aBATCH-UPD _b10 _c20130110 _lUCH01 _h1953 |
||
| 590 |
_aBATCH-UPD _b10 _c20130410 _lUCH01 _h1314 |
||
| 590 |
_aBATCH-UPD _b10 _c20130914 _lUCH01 _h0849 |
||
| 590 |
_aCONVERSION _b10 _c20130109 _lUCH01 _h1306 |
||
| 650 | 1 | 4 |
_aCarne de puerco. _919173 |
| 650 | 1 | 4 |
_aGanado porcino _xProducción. _945399 |
| 901 | _aBK | ||
| 942 | _cLIBRO | ||
| 949 |
_a636.4 W45 _bBC _cLIBRO _d33724000659173 _eLIBRO _gI.171978 _h86054 _i9666 _si _t293.77 |
||
| 999 |
_c9457 _d9457 |
||